Kant and Cosmopolitanism: (Record no. 120773)
[ view plain ]
| 000 -LEADER | |
|---|---|
| fixed length control field | 00711nam a22001937a 4500 |
| 008 - FIXED-LENGTH DATA ELEMENTS--GENERAL INFORMATION | |
| fixed length control field | 140827b xxu||||| |||| 00| 0 eng d |
| 020 ## - INTERNATIONAL STANDARD BOOK NUMBER | |
| International Standard Book Number | 9781107654112 (pbk) |
| 020 ## - INTERNATIONAL STANDARD BOOK NUMBER | |
| International Standard Book Number | 978110765112 (hbk) |
| 050 ## - LIBRARY OF CONGRESS CALL NUMBER | |
| Classification number | JZ 1308.K54 2011 |
| 100 ## - MAIN ENTRY--PERSONAL NAME | |
| Personal name | Kleingeld, Pauline |
| 9 (RLIN) | 11018 |
| 245 ## - TITLE STATEMENT | |
| Title | Kant and Cosmopolitanism: |
| Remainder of title | the philosophical ideal of the world citizenship/ |
| Statement of responsibility, etc | Pauline Kleingeld |
| 260 ## - PUBLICATION, DISTRIBUTION, ETC. (IMPRINT) | |
| Place of publication, distribution, etc | Cambridge |
| Name of publisher, distributor, etc | Cambridge University Press |
| Date of publication, distribution, etc | 2011 |
| 300 ## - PHYSICAL DESCRIPTION | |
| Extent | x, 215p. |
| Dimensions | 24cm. |
| 600 ## - SUBJECT ADDED ENTRY--PERSONAL NAME | |
| Personal name | Kant, Immanuel |
| Dates associated with a name | 1724-1804 |
| General subdivision | Political and social views |
| 9 (RLIN) | 11019 |
| 650 ## - SUBJECT ADDED ENTRY--TOPICAL TERM | |
| Topical term or geographic name as entry element | Cosmopolitanism |
| 9 (RLIN) | 11020 |
| 650 ## - SUBJECT ADDED ENTRY--TOPICAL TERM | |
| Topical term or geographic name as entry element | International relations |
| General subdivision | Philosophy |
| 9 (RLIN) | 11021 |
| 650 ## - SUBJECT ADDED ENTRY--TOPICAL TERM | |
| Topical term or geographic name as entry element | World citizenship |
| 9 (RLIN) | 11022 |
| 942 ## - ADDED ENTRY ELEMENTS (KOHA) | |
| Source of classification or shelving scheme | Library of Congress Classification |
| Item type | Monograph ( Printed materials) |
| Koha issues (borrowed), all copies | 3 |
| Withdrawn status | Lost status | Source of classification or shelving scheme | Damaged status | Not for loan | Home library | Current library | Shelving location | Date acquired | Total Checkouts | Full call number | Barcode | Date last seen | Date last borrowed | Price effective from | Koha item type |
|---|---|---|---|---|---|---|---|---|---|---|---|---|---|---|---|
| Library of Congress Classification | ARRUPE LIBRARY | ARRUPE LIBRARY | Main Collection | 27/08/2014 | 8 | JZ 1308.K54 2011 | 46500002159 | 15/05/2018 | 09/05/2018 | 27/08/2014 | Monograph ( Printed materials) |